[Event "Rychnov Seniors op"]
[Site "Rychnov nad Kneznou"]
[Date "2012.08.26"]
[Round "7"]
[White "Laszkiewicz, Jerzy"]
[Black "Mesiarik, Rudolf"]
[Result "1/2-1/2"]
[WhiteElo "1974"]
[BlackElo "2180"]
[PlyCount "29"]
[EventDate "2012.08.20"]
[EventType "swiss"]
[EventRounds "9"]
[EventCountry "CZE"]
[SourceTitle "CBM 150 Extra"]
[Source "ChessBase"]
[SourceDate "2012.10.19"]
[SourceVersion "1"]
[SourceVersionDate "2012.10.19"]
[SourceQuality "1"]

1. e4 Nf6 2. e5 Nd5 3. d4 d6 4. Nf3 Bg4 5. Be2 c6 6. exd6 exd6 7. 0-0 Be7 8. h3 Bxf3 9. Bxf3 Nf6 10. c3 0-0 11. Bg5 h6 12. Bxf6 Bxf6 13. Nd2 d5 14. Re1 Nd7 15. Qc2 1/2-1/2